| 000 | 01200nam a2200289 a 4500 | ||
|---|---|---|---|
| 001 | ebr10506353 | ||
| 003 | CaPaEBR | ||
| 006 | m u | ||
| 007 | cr cn||||||||| | ||
| 008 | 111202s2011 ne ad s 001 0 eng d | ||
| 020 | _z9781607507888 | ||
| 020 | _z9781607507895 (e-book) | ||
| 040 |
_aCaPaEBR _cCaPaEBR |
||
| 035 | _a(OCoLC)756484746 | ||
| 050 | 1 | 4 |
_aTA710 _b.B37 2011eb |
| 100 | 1 | _aBarends, F. B. J. | |
| 245 | 1 | 0 |
_aIntroduction to soft soil geotechnique _h[electronic resource] : _bcontent, context and application / _cFrans B.J. Barends. |
| 260 |
_aAmsterdam, The Netherlands : _bIOS Press, _c2011. |
||
| 300 |
_a354 p. : _bill. |
||
| 500 | _aIncludes index. | ||
| 505 | 0 | _apt. 1. Fundamentals and concepts -- pt. 2. Methodology and tools -- pt. 3. Design and construction. | |
| 533 |
_aElectronic reproduction. _bPalo Alto, Calif. : _cebrary, _d2011. _nAvailable via World Wide Web. _nAccess may be limited to ebrary affiliated libraries. |
||
| 650 | 0 | _aSoil mechanics. | |
| 655 | 7 |
_aElectronic books. _2local |
|
| 710 | 2 | _aebrary, Inc. | |
| 856 | 4 | 0 |
_uhttp://site.ebrary.com/lib/rucke/Doc?id=10506353 _zAn electronic book accessible through the World Wide Web; click to view |
| 999 |
_c117177 _d117177 |
||